| 000 | 00491cam a2200193ua 4500 | ||
|---|---|---|---|
| 001 | 11981 | ||
| 008 | 191228n ii |||gr||||Z||||||asm | ||
| 020 | _a9788173394027 | ||
| 040 | _cMAIN | ||
| 082 | _a920 | ||
| 100 |
_aHiren Gohain, _eAuthor. |
||
| 245 |
_aHengul akash kola chaikel ejan arohi _cBy Hiren Gohain |
||
| 250 | _a3rd ed. | ||
| 260 |
_aGuwahati: _bBanalata, _c2012. |
||
| 300 | _a224p. | ||
| 653 | _aBiography, genealogy & insignia | ||
| 653 | _aAutobiography | ||
| 942 | _cBK | ||
| 999 |
_c10767 _d10767 |
||